00522nam a2200181 a 450000100060000000300090000600800410001502000180005604000280007408200150010210000230011724500740014026000270021430000100024165000140025165000460026565000290031124034CO-ViMGA141112s2004 ck r 000 u spa d a9786077686088 aCO-ViMGAbspacCO-ViMGA04a384.6 V0461 aGomez Lopez, Julio10aVolp y Asterisk : bRedescubriendo la telefonia / cJulio Gomez Lopez aMéxico : bAlfaomega a329p.14aINTERNET 14aREDES DIGITALES DE SERVICIOS INTEGRALES14aTELEFONIA POR INTERNET